|
|
|
|
| LEADER |
00000nam0a2200000 4500 |
| 001 |
256753 |
| 005 |
20231101233137.0 |
| 010 |
|
|
|a 9785699701230
|
| 035 |
|
|
|a (RuTPU)RU\TPU\book\279496
|
| 090 |
|
|
|a 256753
|
| 100 |
|
|
|a 20140411d2014 m y0rusy50 ca
|
| 101 |
1 |
|
|a rus
|c eng
|
| 102 |
|
|
|a RU
|
| 105 |
|
|
|a y z 000ay
|
| 200 |
1 |
|
|a Кислород
|e пер. с англ.
|f Э. Миллер
|
| 210 |
|
|
|a Москва
|c Эксмо
|d 2014
|
| 215 |
|
|
|a 320 с.
|
| 225 |
1 |
|
|a Интеллектуальный бестселлер
|
| 330 |
|
|
|a Англия, конец 90-х. Два брата, Алек и Ларри, встречаются в доме матери, в котором не были много лет. Первый — литератор и переводчик, второй - спортсмен и киноактер. Тень былого омрачает их сложные отношения. Действие романа перемещается из страны в страну, из эпохи в эпоху, от человека к человеку. Один из тончайших стилистов нашего времени, Эндрю Миллер мастерски совмещает в своем романе пласты истории, просвечивая рентгеном прошлого темные стороны настоящего. Роман заслуженно вошел в шорт-лист премии Букера 2001 года.
|
| 606 |
1 |
|
|a Английская литература
|2 stltpush
|3 (RuTPU)RU\TPU\subj\29042
|9 52454
|
| 610 |
1 |
|
|a романы
|
| 610 |
1 |
|
|a бестселлеры
|
| 610 |
1 |
|
|a романы
|
| 675 |
|
|
|a 82
|v 3
|
| 700 |
|
1 |
|a Миллер
|b Э.
|g Эндрю
|
| 801 |
|
1 |
|a RU
|b 63413507
|c 20140411
|
| 801 |
|
2 |
|a RU
|b 63413507
|c 20140707
|g RCR
|
| 942 |
|
|
|c BK
|
| 959 |
|
|
|a 68/20140410
|d 1
|e 319,00
|f ХФ:1
|